[Event "Budapest FS05 FM-B"]
[Site "Budapest"]
[Date "2010.05.03"]
[Round "1.3"]
[White "Madsen, Hans Henrik"]
[Black "Szendeff, Miklos"]
[Result "1-0"]
[WhiteElo "2129"]
[BlackElo "1991"]
[PlyCount "91"]
[EventDate "2010.05.01"]
[EventType "tourn"]
[EventRounds "10"]
[EventCountry "HUN"]
[SourceTitle "CBM 136 Extra"]
[Source "ChessBase"]
[SourceDate "2010.07.02"]
[SourceVersion "2"]
[SourceVersionDate "2010.07.15"]
[SourceQuality "1"]

1. d4 g6 2. Nf3 Bg7 3. Bf4 d6 4. e3 Nf6 5. h3 0-0 6. Be2 Nbd7 7. 0-0 Re8 8. c4 Nh5 9. Bh2 Nhf6 10. Nc3 c6 11. b4 Qc7 12. Qb3 b6 13. c5 bxc5 14. bxc5 h6 15. Qa3 Nd5 16. cxd6 exd6 17. Nxd5 cxd5 18. Bxd6 Qd8 19. Rfc1 Nf6 20. Bb5 Bd7 21. Bxd7 Nxd7 22. Rab1 Nb6 23. Nd2 Bf8 24. Bxf8 Rxf8 25. Rb5 Qd7 26. Rbc5 Rfc8 27. Rxc8+ Rxc8 28. Rxc8+ Qxc8 29. Nf3 Qb7 30. Qb3 Kg7 31. Ne5 f6 32. Nd3 h5 33. Nc5 Qf7 34. Kf1 g5 35. Qb5 Kg6 36. Qc6 h4 37. Nb3 Kg7 38. Nc5 Kg6 39. a4 Kg7 40. a5 Nc4 41. Ne6+ Kg6 42. Qxd5 Nxa5 43. e4 f5 44. f4 Nb7 45. Qc6 Kh5 46. exf5 1-0

[Event "Lovsprings op 11th"]
[Site "Ringsted"]
[Date "2000.04.07"]
[Round "3"]
[White "Madsen, Hans Henrik"]
[Black "Jensen, Leif"]
[Result "1-0"]
[WhiteElo "2062"]
[BlackElo "2138"]
[PlyCount "86"]
[EventDate "2000.03.24"]
[EventType "swiss"]
[EventRounds "7"]
[EventCountry "DEN"]
[SourceTitle "EXT 2018"]
[Source "ChessBase"]
[SourceDate "2017.10.13"]
[SourceVersion "1"]
[SourceVersionDate "2017.10.13"]
[SourceQuality "1"]

1. e4 e6 2. d3 d5 3. Qe2 Be7 4. Nf3 c5 5. g3 Nc6 6. Bg2 d4 7. 0-0 Nf6 8. Nbd2 Qc7 9. Nc4 e5 10. a4 Be6 11. b3 h6 12. Nh4 Bxc4 13. bxc4 Nh7 14. Nf5 Bf6 15. Rb1 Rb8 16. Bd2 Ng5 17. f4 Ne6 18. Bh3 g6 19. fxe5 Nxe5 20. Nd6+ Qxd6 21. Rxf6 Qe7 22. Rbf1 Ng5 23. Bg2 Rd8 24. h4 Ne6 25. Bh3 Rd6 26. Qd1 g5 27. h5 g4 28. Bg2 Nf3+ 29. R6xf3 gxf3 30. Qxf3 Ng5 31. Qf5 Re6 32. Bf4 Rc6 33. e5 Rc7 34. Bd5 Ne6 35. Qg4 Kf8 36. Bd2 Ke8 37. Rf6 b6 38. Bxe6 Rc6 39. Bxf7+ Kd8 40. Rxc6 Qxf7 41. Rc8+ Ke7 42. Rc7+ Kf8 43. Rxf7+ Kxf7 1-0

[Event "Lovsprings op 11th"]
[Site "Ringsted"]
[Date "2000.03.31"]
[Round "2"]
[White "Kronow, Jacob Nissen"]
[Black "Madsen, Hans Henrik"]
[Result "1-0"]
[WhiteElo "2000"]
[BlackElo "2062"]
[PlyCount "83"]
[EventDate "2000.03.24"]
[EventType "swiss"]
[EventRounds "7"]
[EventCountry "DEN"]
[SourceTitle "EXT 2018"]
[Source "ChessBase"]
[SourceDate "2017.10.13"]
[SourceVersion "1"]
[SourceVersionDate "2017.10.13"]
[SourceQuality "1"]

1. d4 c6 2. c4 d5 3. Nc3 dxc4 4. e3 e5 5. Bxc4 exd4 6. exd4 Nf6 7. Nf3 Be7 8. 0-0 0-0 9. Ne5 Nbd7 10. Qb3 Nxe5 11. dxe5 Ng4 12. Bf4 b5 13. Nxb5 cxb5 14. Bd5 Rb8 15. h3 Nh6 16. e6 Rb6 17. exf7+ Nxf7 18. Rad1 Bd7 19. Rfe1 Bf6 20. Be3 Qc7 21. Rc1 Qb8 22. Bc5 g6 23. Rcd1 Be8 24. Re2 Kg7 25. Rde1 Nd6 26. Re6 Nc4 27. Bxf8+ Kxf8 28. Qb4+ Kg7 29. Rxe8 Qd6 30. Qxd6 Rxd6 31. Bxc4 bxc4 32. R1e2 Ra6 33. a3 c3 34. bxc3 Bxc3 35. Ra2 Ra4 36. Re3 Bd4 37. Rd3 Kf6 38. g3 Ke5 39. Re2+ Kd5 40. Red2 Ke4 41. Kg2 Bc5 42. f3+ 1-0

[Event "Lovsprings op 11th"]
[Site "Ringsted"]
[Date "2000.03.24"]
[Round "1"]
[White "Haar, Bjarne"]
[Black "Madsen, Hans Henrik"]
[Result "1/2-1/2"]
[WhiteElo "1986"]
[BlackElo "2062"]
[PlyCount "105"]
[EventDate "2000.03.24"]
[EventType "swiss"]
[EventRounds "7"]
[EventCountry "DEN"]
[SourceTitle "EXT 2018"]
[Source "ChessBase"]
[SourceDate "2017.10.13"]
[SourceVersion "1"]
[SourceVersionDate "2017.10.13"]
[SourceQuality "1"]

1. e4 e6 2. d4 c5 3. Nf3 cxd4 4. Nxd4 Nc6 5. Be3 Nf6 6. Nd2 d5 7. Bb5 Bd7 8. Bxc6 bxc6 9. e5 Ng8 10. N4b3 Qc7 11. f4 c5 12. 0-0 Nh6 13. Bf2 Be7 14. c4 d4 15. Ne4 Rb8 16. Be1 Nf5 17. Qg4 h5 18. Qe2 Ba4 19. Rf3 Ne3 20. Qd3 Qb6 21. Ba5 Qa6 22. Bc7 Rc8 23. Nd6+ Bxd6 24. Bxd6 Bxb3 25. Qxb3 Nxc4 26. Qd3 Rc6 27. Bxc5 Rxc5 28. b3 Qc8 29. bxc4 Rxc4 30. Qa3 Qc7 31. Rb1 Rc3 32. Qa4+ Kf8 33. Qb4+ Kg8 34. Rxc3 dxc3 35. Rc1 c2 36. Qd2 Qb6+ 37. Qf2 Qb4 38. h3 g6 39. Rxc2 Qe7 40. Qc5 Qd7 41. Qc8+ Qxc8 42. Rxc8+ Kg7 43. Rxh8 Kxh8 44. Kf2 Kg7 45. Ke3 Kf8 46. Kd4 Ke7 47. Kc5 Kd7 48. Kb5 Kc7 49. a4 h4 50. Ka6 Kb8 51. a5 Ka8 52. Kb5 Kb7 53. a6+ 1/2-1/2

[Event "Holberg"]
[Site "Dianalund"]
[Date "2000.02.20"]
[Round "7"]
[White "Madsen, Hans Henrik"]
[Black "Jorgensen, Gert"]
[Result "1/2-1/2"]
[WhiteElo "2093"]
[BlackElo "2032"]
[PlyCount "66"]
[EventDate "2000.02.14"]
[EventType "tourn"]
[EventRounds "7"]
[EventCountry "DEN"]
[SourceTitle "EXT 2018"]
[Source "ChessBase"]
[SourceDate "2017.10.13"]
[SourceVersion "1"]
[SourceVersionDate "2017.10.13"]
[SourceQuality "1"]

1. d4 Nf6 2. Bg5 e6 3. e4 Be7 4. Bxf6 gxf6 5. c4 b6 6. Nc3 Bb7 7. d5 Bb4 8. Nge2 Qe7 9. Qb3 Na6 10. g3 Nc5 11. Qc2 f5 12. Bg2 fxe4 13. 0-0 Bxc3 14. Nxc3 f5 15. Nb5 0-0 16. Qd2 Nd3 17. dxe6 dxe6 18. b3 a6 19. Nc3 Rad8 20. Qh6 Qf6 21. Qxf6 Rxf6 22. Rad1 Rf7 23. Rd2 Rfd7 24. Rfd1 Ne5 25. Rxd7 Rxd7 26. Rxd7 Nxd7 27. Kf1 Kf7 28. Ke2 Kf6 29. Ke3 Ne5 30. h3 Ng6 31. Bf1 h5 32. h4 Ne5 33. Be2 Nf7 1/2-1/2

[Event "Holberg"]
[Site "Dianalund"]
[Date "2000.02.16"]
[Round "3"]
[White "Madsen, Hans Henrik"]
[Black "Askgaard, Jens"]
[Result "0-1"]
[WhiteElo "2093"]
[BlackElo "2117"]
[PlyCount "118"]
[EventDate "2000.02.14"]
[EventType "tourn"]
[EventRounds "7"]
[EventCountry "DEN"]
[SourceTitle "EXT 2018"]
[Source "ChessBase"]
[SourceDate "2017.10.13"]
[SourceVersion "1"]
[SourceVersionDate "2017.10.13"]
[SourceQuality "1"]

1. d4 e6 2. Nf3 f5 3. h3 Nf6 4. g4 d5 5. c4 fxg4 6. hxg4 Nxg4 7. Qc2 g6 8. Bh3 Nf6 9. Bg5 Nc6 10. Nc3 Be7 11. 0-0-0 Bd7 12. e4 Nxe4 13. Nxe4 dxe4 14. Bxe7 Qxe7 15. Qxe4 0-0-0 16. Ne5 Nxe5 17. Qxe5 Qd6 18. Qe3 Kb8 19. Bg2 Rdf8 20. Be4 Bc6 21. Rh4 a6 22. Rdh1 Bxe4 23. Rxe4 Rf6 24. Rh6 Qc6 25. b3 Rxf2 26. d5 exd5 27. Re6 Rf1+ 28. Kb2 Qd7 29. Re7 Qd6 30. Rhxh7 Rhf8 31. c5 Qf6+ 32. Ka3 Rf2 33. Qe5 Qxe5 34. Rxe5 R2f7 35. Rxf7 Rxf7 36. Rxd5 Kc8 37. b4 Rf5 38. Rd3 g5 39. Rh3 g4 40. Rh8+ Kd7 41. Rg8 Rf3+ 42. Ka4 g3 43. Rg6 Ke7 44. b5 axb5+ 45. Kxb5 Kf7 46. Rg4 Kf6 47. a4 Kf5 48. Rg7 Kf4 49. Rxc7 g2 50. Rf7+ Ke3 51. Rg7 Kf2 52. Rxg2+ Kxg2 53. Kb6 Rb3+ 54. Kc7 Rb4 55. a5 Rb5 56. c6 bxc6 57. a6 c5 58. Kc6 Ra5 59. Kb6 Rxa6+ 0-1

[Event "DEN-ch corr"]
[Site "Denmark"]
[Date "1999.??.??"]
[Round "?"]
[White "Madsen, Hans Henrik"]
[Black "Jorgensen, Eskild"]
[Result "0-1"]
[WhiteElo "2097"]
[BlackElo "2192"]
[PlyCount "66"]
[EventDate "1999.??.??"]
[EventType "tourn (corr)"]
[EventRounds "10"]
[EventCountry "DEN"]
[SourceTitle "Corr 2002"]
[Source "ChessBase"]
[SourceDate "2002.05.23"]
[SourceVersion "1"]
[SourceVersionDate "2002.05.23"]
[SourceQuality "1"]

1. d4 Nf6 2. Bg5 Ne4 3. Bf4 c5 4. f3 Qa5+ 5. Nd2 g5 6. Bxb8 Nxd2 7. Qxd2 Qxd2+ 8. Kxd2 Rxb8 9. dxc5 b6 10. cxb6 Rxb6 11. Rb1 Rg8 12. e4 g4 13. Ne2 Bb7 14. Nc3 gxf3 15. gxf3 f5 16. Nd5 Rd6 17. Bd3 Bh6+ 18. Kc3 Kf7 19. Rhe1 Rc8+ 20. Kb3 Rb8 21. Kc3 Rc6+ 22. Kd4 e6 23. Nc3 Rbc8 24. Nb5 d6 25. c4 Ba6 26. a4 Bd2 27. exf5 e5+ 28. Ke4 Bb7 29. Bf1 a6 30. Nc3 Rxc4+ 31. Kd3 Bxe1 32. Rxe1 Rb4 33. Re2 Bxf3 0-1

[Event "Lovfalds 12th B"]
[Site "Ringsted"]
[Date "1998.09.20"]
[Round "5"]
[White "Madsen, Hans Henrik"]
[Black "Madsen, Morten"]
[Result "1-0"]
[WhiteElo "2069"]
[BlackElo "1924"]
[PlyCount "57"]
[EventDate "1998.09.18"]
[EventType "tourn"]
[EventRounds "5"]
[EventCountry "DEN"]
[SourceTitle "EXT 2023"]
[Source "ChessBase"]
[SourceDate "2022.10.05"]
[SourceVersion "1"]
[SourceVersionDate "2022.10.05"]
[SourceQuality "1"]

1. d4 b6 2. e4 Bb7 3. Bd3 Nf6 4. Nd2 e6 5. Ngf3 d5 6. e5 Nfd7 7. 0-0 c5 8. c3 c4 9. Bc2 g5 10. b3 cxb3 11. axb3 g4 12. Ne1 h5 13. f4 Qc7 14. Bb2 Nc6 15. f5 0-0-0 16. Nd3 a6 17. Nf4 exf5 18. Nxd5 Qb8 19. Bxf5 Ncxe5 20. Nxb6+ Kc7 21. Nxd7 Nxd7 22. Qe2 Re8 23. Qc4+ Kd8 24. Bxd7 Kxd7 25. Rxf7+ Re7 26. Ba3 Rxf7 27. Qxf7+ Kc6 28. Qf6+ Bd6 29. Nc4 1-0

[Event "Lovfalds 12th B"]
[Site "Ringsted"]
[Date "1998.09.20"]
[Round "4"]
[White "Pedersen, Henrik Dahl"]
[Black "Madsen, Hans Henrik"]
[Result "1/2-1/2"]
[WhiteElo "2048"]
[BlackElo "2069"]
[PlyCount "121"]
[EventDate "1998.09.18"]
[EventType "tourn"]
[EventRounds "5"]
[EventCountry "DEN"]
[SourceTitle "EXT 2023"]
[Source "ChessBase"]
[SourceDate "2022.10.05"]
[SourceVersion "1"]
[SourceVersionDate "2022.10.05"]
[SourceQuality "1"]

1. e4 c6 2. c4 d5 3. cxd5 cxd5 4. exd5 Nf6 5. Nc3 Nxd5 6. Nf3 e6 7. Bc4 Be7 8. 0-0 0-0 9. d4 Nxc3 10. bxc3 Qc7 11. Qe2 Nd7 12. Bb2 b6 13. Bb3 Bf6 14. Nd2 Bb7 15. Ne4 Be7 16. Rfd1 Nf6 17. Ng5 Bd5 18. c4 Bb7 19. d5 exd5 20. cxd5 Bd6 21. Rac1 Qd7 22. Bxf6 gxf6 23. Ne6 fxe6 24. dxe6 Qe7 25. Rxd6 Qxd6 26. Rd1 Qc6 27. e7+ Kh8 28. exf8Q+ Rxf8 29. Bd5 Qc7 30. Bxb7 Qxb7 31. Qb5 Ra8 32. g3 Qe4 33. Qd7 Qe2 34. a4 Re8 35. Rd4 Qe7 36. Qd5 Qe5 37. Qxe5 fxe5 38. Rd7 a5 39. Rd6 Rb8 40. Rd5 Re8 41. Kg2 Kg7 42. Kf3 Re6 43. Ke4 Kf6 44. Rd7 Rc6 45. Rxh7 Rc4+ 46. Ke3 Rxa4 47. Rh6+ Kf5 48. Rxb6 Ra3+ 49. Ke2 Ra2+ 50. Kf3 e4+ 51. Ke3 Ra3+ 52. Ke2 Ra2+ 53. Kf1 e3 54. f3 Rf2+ 55. Ke1 Rxf3 56. Rb5+ Kg4 57. Rxa5 Rf2 58. Ra4+ Kf3 59. Rf4+ Kg2 60. Rh4 Kf3 61. Rf4+ 1/2-1/2

[Event "Lovsprings op 09th"]
[Site "Ringsted"]
[Date "1997.04.04"]
[Round "3"]
[White "Madsen, Morten"]
[Black "Madsen, Hans Henrik"]
[Result "0-1"]
[WhiteElo "1941"]
[BlackElo "2093"]
[PlyCount "84"]
[EventDate "1997.03.14"]
[EventType "swiss"]
[EventRounds "7"]
[EventCountry "DEN"]
[SourceTitle "EXT 2018"]
[Source "ChessBase"]
[SourceDate "2017.10.13"]
[SourceVersion "1"]
[SourceVersionDate "2017.10.13"]
[SourceQuality "1"]

1. e4 e5 2. Nf3 Nf6 3. Nc3 Nc6 4. d4 exd4 5. Nxd4 Bb4 6. f3 d5 7. Bb5 Bd7 8. Bxc6 bxc6 9. e5 Nh5 10. 0-0 g5 11. f4 Nxf4 12. Bxf4 gxf4 13. e6 Bxe6 14. Nxe6 fxe6 15. Qh5+ Kd7 16. Rxf4 Bxc3 17. Rf7+ Kd6 18. bxc3 h6 19. h4 Qg8 20. Re1 Qg3 21. Qe2 Rae8 22. c4 Qc3 23. Qf2 Qxc4 24. Qg3+ Kc5 25. Qa3+ Qb4 26. Qxa7+ Qb6 27. Qa3+ Qb4 28. Qxb4+ Kxb4 29. Rxc7 Kc5 30. c3 e5 31. Kh2 e4 32. Re3 Ra8 33. Re2 Rhe8 34. Rb7 Kc4 35. Rbb2 Ra3 36. Rb6 Kd3 37. Rbb2 e3 38. Kg3 Rxc3 39. Kf3 Rf8+ 40. Kg3 d4 41. Re1 Rc2 42. Rb3+ Ke4 0-1

[Event "Roskilde Domkirke"]
[Site "Roskilde"]
[Date "1996.11.07"]
[Round "3"]
[White "Asmund, Gert"]
[Black "Madsen, Hans Henrik"]
[Result "0-1"]
[WhiteElo "2008"]
[BlackElo "2085"]
[PlyCount "118"]
[EventDate "1996.10.24"]
[EventType "tourn"]
[EventRounds "7"]
[EventCountry "DEN"]
[SourceTitle "EXT 2018"]
[Source "ChessBase"]
[SourceDate "2017.10.13"]
[SourceVersion "1"]
[SourceVersionDate "2017.10.13"]
[SourceQuality "1"]

1. e4 e5 2. Nf3 Nf6 3. Nxe5 d6 4. Nf3 Nxe4 5. Qe2 Qe7 6. d3 Nf6 7. Bg5 Be6 8. Nc3 Nc6 9. 0-0-0 0-0-0 10. d4 d5 11. Ne5 Qe8 12. Qb5 Nxe5 13. dxe5 d4 14. exf6 dxc3 15. Rxd8+ Qxd8 16. Be2 cxb2+ 17. Qxb2 Qd5 18. Be3 Qxa2 19. Qxa2 Bxa2 20. Kb2 Be6 21. Bxa7 gxf6 22. Bd4 Be7 23. Ra1 Rd8 24. c3 Bd5 25. Bg4+ Be6 26. Bf3 c5 27. Be3 Kc7 28. Ra7 Bd5 29. Bxd5 Rxd5 30. Kb3 Kc6 31. Ra4 f5 32. Ra8 Rd8 33. Ra4 Bf6 34. Kc2 Rg8 35. g3 Rg4 36. Ra8 Rc4 37. Bd2 Kd5 38. Rb8 Kc6 39. Rf8 b5 40. Rxf7 Bxc3 41. Bxc3 b4 42. Rf6+ Kb5 43. Rxf5 Rxc3+ 44. Kb2 Rd3 45. h4 Kc4 46. g4 Rd2+ 47. Kc1 Rd4 48. f4 b3 49. g5 Kb4 50. h5 c4 51. g6 hxg6 52. hxg6 Kc3 53. Rb5 Rxf4 54. Kd1 Rg4 55. Rb6 Rg1+ 56. Ke2 Kc2 57. Kf2 Rg5 58. Kf3 b2 59. Kf4 Rg1 0-1